01888nam a2200325 a 450000100100000000500170001000800410002702000180006804000250008608200160011111100640012724501070019126000380029830000200033649000130035650503500036959000270071970000320074670000400077870000260081870000330084470000280087783000190090595201290092495201290105395201290118295201140131195201200142599900170154500004669520201002053043.0180316s2017 dr 000 p spa d a9789945492989 aDO-SdBNPbspacBNPHU axxxxbF356v2 aXII Feria Regional del Libro Hato Mayor 2016d(2016)97464613aVoces del Este :bpoemas ganadores del centamen de la Región Este /cJoel Julio García...[et al.]. aSanto Domingo :bNacional,c2017. a29 p. ;c21 cm.1 aPoesía0 tSueños en el vacio /rJoel Julio García /g1er. lugar --tEl crepúsculo que siempre se marcha /rIvania Edelmira Henríquez /g2do. lugar --tInfierno de papel /rSandra Berroa /g3er. lugar --tAnhelos /rFlérida González /gMención --tAsumo y presumo /rRamón Perdomo /gMención --tCometas /rEsmarlin Moreta /gMención -- aInventariado, 2018/ YL12aGarcía, Joel Julio97464712aHenríquez, Ivania Edelmira97464812aBerroa, Sandra97464912aGonzález, Flérida97465012aPerdomo, Ramón917744 0aPoesía91183 001054708DSaGRbGRcHDd2018-03-19iLF1l0oxxxx F356vp46695-30r2020-06-25te. 3w2020-06-25yLFDSZPréstamo en sala 001054708DSaGRbGRcHDd2018-03-19iLF1l0oxxxx F356vp46695-40r2020-06-25te. 4w2020-06-25yLFDSZPréstamo en sala 001054708DSaGRbGRcHDd2018-03-19iLF1l0oxxxx F356vp46695-50r2020-06-25te. 5w2020-06-25yLFDSZPréstamo en sala 0010718PDaPDbPDcHDd2018-03-19iLF1l0oxxxx F356vp46695-10r2020-06-25w2020-06-25yLFPDZNo se presta 0010718PDaPDbPDcHDd2018-03-19iLF1l0oxxxx F356vp46695-20r2020-06-25te. 2w2020-06-25yLFPDZNo se presta c46184d46184